000 00600nam a22002057a 4500
003 OSt
005 20160111145603.0
008 160111b xxu||||| |||| 00| 0 eng d
020 _a9780395510605
040 _cLIC
082 _21989
_aDFic
_bL95
100 _91544
_aLowry, Lois
245 _aNumber the stars/
_cLois Lowry
260 _aNew York, NY:
_bHoughton Mifflin Company,
_cc1989.
300 _a137 pages;
_c21 cm.
365 _b1,342.00
_cPhp
650 0 _91545
_aWorld war.
_y1939-1945
_zDenmark
_vJuvenile fiction
650 0 _91546
_aWorld war.
_y1939-1945
_zDenmark
_vFiction
942 _2ddc
_cBK
999 _c585
_d585